Premier League Appearances by Nationality: Costa Rica - Statistics

General Stats
  • This quiz has been taken 6 times
  • The average score is 3 of 5
Answer Stats
Appearances Player % Correct
23 Joel Campbell
100%
68 Bryan Ruiz
80%
156 Paulo Wanchope
80%
60 Bryan Oviedo
40%
11 Mauricio Solis
20%
No matching quizzes found
Score Distribution
Percent of People with Each Score
Percentile by Number Answered
Your Score History
You have not taken this quiz